| 000 | 00829nam a22002177a 4500 | ||
|---|---|---|---|
| 999 |
_c22407 _d22407 |
||
| 003 | OSt | ||
| 005 | 20220606093849.0 | ||
| 008 | 220602b ||||| |||| 00| 0 spa d | ||
| 020 | _a9786124181221 | ||
| 040 | _cBiblioteca Municipal de Cusco | ||
| 082 |
_a152.42/S68 _bS68 |
||
| 100 |
_aSordo, Pilar _d1965- _948061 |
||
| 245 |
_aBienvenido dolor : _buna invitación a desarrollar la voluntad de ser feliz / _cPilar Sordo |
||
| 250 | _aPrimera edición, segunda reimpresión | ||
| 260 |
_aLima : _bBooket, _c2019. |
||
| 300 |
_a167 páginas. : _c19 cm. |
||
| 505 | _aContenido: La felicidad: un valor anhelado. El dolor: un compañero de viaje. La única certeza: la muerte. El cáncer sana. | ||
| 650 |
_aFelicidad _xAspectos psicológicos _948062 |
||
| 650 |
_aSufrimiento _xAspectos psicológicos _948063 |
||
| 942 |
_2ddc _cLIBROS |
||